000 00278nam a2200109Ia 4500
008 220204s9999 xx 000 0 und d
082 _a54-128.4
_bJUN
245 0 _aCationic surfactants. V 4
260 _aNew York
_bMarcel Dekker
_c1970
700 _aJungermann, Eric
942 _cBK
999 _c25134
_d25134